Open Data Biblioteca Nacional de Portugal


República Portuguesa: Ministério da Cultura
Biblioteca Nacional de Portugal

Catálogo da BNP: acesso por Identificadores Unívocos
Registos Bibliográficos associados ao registo de autoridade

Etiqueta de registo: 00000nam 2200025 450
001 2008635
003 http://id.bnportugal.gov.pt/bib/catbnp/2008635
010 ## $a978-989-99600-7-7
021 ## $aPT$b444855/18
100 ## $a20181218d2018 m d0pory01030103ba
101 0# $apor$aeng
102 ## $aPT
105 ## $aa z 000yy
106 ## $ar
200 1# $aTranscrever$eações participativas nos bairros sociais de Braga$dTranscribe$eparticipatory actions in Braga's social housing estates$fed. Daniel Duarte Pereira, Fernando P. Ferreira$gtrad. e rev. Tiago Moita$zeng
205 ## $a1ª ed
210 #9 $aBraga$cCâmara Municipal de Braga,$d2018
215 ## $a249, [3] p.$cil.$d23 cm
305 ## $aEd. bilingue em português e inglês
510 1# $aTranscribe$eparticipatory actions in Braga's social housing estates$zeng
675 ## $a711.5.02(469.112)"2017"(042)$vBN$zpor$31733560
675 ## $a365(469.112)"2017"(042)$vBN$zpor$31736045
675 ## $a316.344(469.112)"2017"(042)$vBN$zpor$31736067
675 ## $a77.03$vBN$zpor$3290160
702 #1 $aPereira,$bDaniel Duarte$4340$31666565
702 #1 $aFerreira,$bFernando P.,$f1987-$4340$31735891
702 #1 $aMoita,$bTiago$4730$31735892
801 #0 $aPT$bBN$gRPC
856 41 $uhttp://rnod.bnportugal.gov.pt/ImagesBN/winlibimg.aspx?skey=&doc=2008635&img=118285&save=true
900 ## $aBIBNAC$d20190107
966 ## $lBN$mFGMON$sB.A. 43757 V.$x1
966 ## $lBN$mFGMON$sB.A. 43757 V.-D$x1

Etiqueta de registo: 00254nam 2200025 450
001 2286203
003 http://id.bnportugal.gov.pt/bib/catbnp/2286203
010 ## $a978-989-36040-9-0$bobra completa)
010 ## $a978-989-36736-0-7$bv. 1)
010 ## $a978-989-367-36-1-4$bv. 2)
021 ## $aPT$b560792/26
100 ## $a20260512d2026 m y0pory01030103ba
101 0# $apor
102 ## $aPT
105 ## $aa b 100yy
106 ## $ar
200 1# $aForma da Vizinhança$fconceito, ed. Daniel Duarte Pereira, Fernando P. Ferreira$gtextos Álvaro Domingues... [et al.]$gcartografias Daniel Duarte Pereira, Lucas Carneiro...[et al.]
205 ## $a1ª ed
210 #9 $aBrag$cCirco de Ideias,$dD.L. 2026
215 ## $a2 v.$cil.$d24 cm
702 #1 $aPereira,$bDaniel Duarte$4340$31666565
702 #1 $aFerreira,$bFernando P.,$f1987-$4340$31735891
702 #1 $aDomingues,$bÁlvaro,$f1959-$4070$31395756
702 #1 $aRoldão,$bJoão Versos$4600$31862009
702 #1 $aCarneiro,$bLucas$4180$31904594
710 12 $aFestival de Arquitetura Forma da Vizinhança,$eBraga,$f2025$31998201
801 #0 $aPT$bBN$gRPC
966 ## $b001$dV. 1$lBN$mFGMON$x1
966 ## $b001$dV. 1$lBN$mFGMON$x1
966 ## $b001$dV. 2$lBN$mFGMON$x1
966 ## $b001$dV. 2$lBN$mFGMON$x1
971 ## $ciquintas$d20260512

OpendataBNP@bnportugal.pt | Mais informação sobre acesso aos dados BNP